| 000 | 01035nam a2200229 a 4500 | ||
|---|---|---|---|
| 001 | 000143958 | ||
| 003 | AM-YEHGA | ||
| 005 | 20250617122947.0 | ||
| 008 | 990907s1973 un ||||grs||||||||0|rus|d | ||
| 040 | _aAM-YeHGA | ||
| 041 | 0 | _arus | |
| 245 | 0 | 0 |
_aПалеоботаническая характеристика опорных разрезов четвертичных (антропогеновых) отложений Средней и Южной части Украины / _cА.Т. Артюшенко, Г.А. Пашкевич, С.И. Паришкура, Е.В. Карева ; АН УССР, Ин-т ботаники им. Н.Г. Холодного |
| 260 |
_aКиев : _bНаукова думка, _c1973. |
||
| 300 | _a95 с. | ||
| 650 | 1 | 4 | _aПалеоботаника |
| 700 | 1 | _aПашкевич, Г.А. | |
| 700 | 1 | _aПаришкура, С.И. | |
| 700 | 1 | _aКарева, Е.В. | |
| 710 | 2 | _aИнститут ботаники им. Н.Г. Холодного АН УССР | |
| 942 |
_2udc _cBK |
||
| 090 | _c49259 | ||
| 999 |
_c48501 _d48501 |
||